MARC

LEADER 00000nam0a2200000 4500
001 137699
005 20231031141139.0
035 |a (RuTPU)RU\TPU\book\149229 
090 |a 137699 
100 |a 20080515d1967 m y0rusy50 ca 
101 0 |a rus 
102 |a RU 
105 |a a z 001zy 
200 1 |a Оборудование для электроннолучевой сварки металлов  |f Н. А. Ольшанский, Ф. В. Шубин 
210 |a Москва  |c Энергия  |d 1967 
215 |a 96 с.  |c ил. 
225 1 |a Библиотека электротермиста  |v Вып. 29 
320 |a Библиогр.: с. 95. 
610 1 |a металлы 
610 1 |a электронно-лучевая сварка 
610 1 |a оборудование 
610 1 |a сварочный процесс 
610 1 |a сварочные электронные пушки 
610 1 |a питание 
610 1 |a полуавтоматическая сварка 
610 1 |a автоматические установки 
610 1 |a источники 
675 |a 621.791.76.0025  |v 3 
700 1 |a Ольшанский  |b Н. А.  |g Николай Александрович 
701 1 |a Шубин  |b Ф. В.  |g Феликс Владимирович 
801 1 |a RU  |b 63413507  |c 20080515  |g PSBO 
801 2 |a RU  |b 63413507  |c 20160907  |g PSBO 
942 |c BK